| 000 | 00000nam##2200000za#4500 |
| 001 | 9.574359 |
| 003 | CaOODSP |
| 005 | 20210624184139 |
| 007 | cr ||||||||||| |
| 008 | 150406|2003||||xxc|||||o f|0| 0 eng|d |
| 022 | |a1701-5413 |
| 040 | |aCaOODSP|beng |
| 043 | |an-cn--- |
| 086 | 1 |aFA1-2003/2-13E-PDF |
| 110 | 1 |aCanada. |bOffice of the Auditor General. |
| 245 | 10|aReport of the Auditor General of Canada to the House of Commons. Chapter 8, : |h[electronic resource]|bIndian and Northern Affairs Canada - transferring federal responsibilities to the North |
| 260 | |aOttawa - Ontario : |bOffice of the Auditor General of Canada |
| 300 | |a30p.|bmap, tables |
| 490 | 1 |aReport of the Auditor General of Canada to the House of Commons|x1701-5413|vNovember 2003 |
| 500 | |aThe catalogue number (FA1-2003/2-13E) and ISBN (0-662-35306-4) for the print edition have been incorrectly copied in this electronic publication. |
| 590 | |a12-35-Supp|b2012-08-09 |
| 775 | 08|tRapport de la vérificatrice générale du Canada à la Chambre des communes. Chapitre 8, : |w(CaOODSP)9.604155 |
| 830 | #0|aReport of the Auditor General of Canada to the House of Commons,|x1701-5413|vNovember 2003|w(CaOODSP)9.506219 |
| 856 | 40|ahttp://publications.gc.ca|qPDF|s448 KB|uhttps://publications.gc.ca/collections/collection_2012/bvg-oag/FA1-2003-2-13-eng.pdf|yNovember 2003 |